Statistics for Smite Pro League and Smite Challenger Circuit Player Season X

Click here to take the quiz!

General Stats

  • This quiz has been taken 3 times
  • The average score is 70 of 100

Answer Stats

TeamsRoleAnswer% Correct
ATLANTIS LEVIATHANSJUNGLERAdapting
100%
STYX FERRYMENSUPPORTAror
100%
GILDED GLADIATORSSUPPORTAwesomeJake408
100%
STYX FERRYMENSOLOBaskin
100%
ELDRITCH HOUNDSMIDBennyQ
100%
CAMELOT KINGSMIDBigManTingz
100%
CAMELOT KINGSJUNGLERCaptainTwig
100%
GILDED GLADIATORSSOLOCxnnahh
100%
STYX FERRYMENADCCycloneSpin
100%
STYX FERRYMENJUNGLERCyno
100%
JADE DRAGONSMIDDardez
100%
SOLAR SCARABSOLODeathWalker
100%
ELDRITCH HOUNDSSOLODuck3y
100%
HEX MAMBOJUNGLERDzoni
100%
SOLAR SCARABADCEchrome
100%
ATLANTIS LEVIATHANSSOLOFineokay
100%
ONI WARRIORSSUPPORTGenetics
100%
HIGHLAND RAVENSSOLOHaddix
100%
HIGHLAND RAVENSSUPPORTHurriwind
100%
TYRIAN WEAVERSADCInMyZen
100%
GILDED GLADIATORSMIDJangaru
100%
CAMELOT KINGSADCJarcorrr
100%
GILDED GLADIATORSJUNGLERKyrmi
100%
JADE DRAGONSJUNGLERLASBRA
100%
ELDRITCH HOUNDSSUPPORTNeilmah
100%
ONI WARRIORSADCNetrioid
100%
JADE DRAGONSSOLONika
100%
ELDRITCH HOUNDSJUNGLEROathhh
100%
ATLANTIS LEVIATHANSADCPandaCat
100%
ONI WARRIORSJUNGLERPanitom
100%
STYX FERRYMENMIDPaul
100%
ONI WARRIORSMIDPEGON
100%
JADE DRAGONSSUPPORTPolarBearMike
100%
CAMELOT KINGSSUPPORTQuig
100%
ATLANTIS LEVIATHANSSUPPORTRonngyu
100%
HIGHLAND RAVENSJUNGLERScreammmmm
100%
ATLANTIS LEVIATHANSMIDSheento
100%
GILDED GLADIATORSADCSnoopy
100%
ONI WARRIORSSOLOSoloOrTroll
100%
ELDRITCH HOUNDSADCStuart
100%
JADE DRAGONSADCVaporishCoast
100%
CAMELOT KINGSSOLOVariety
100%
HIGHLAND RAVENSMIDVenenu
100%
VALHALLA VALKYRIESADCWowy
100%
HIGHLAND RAVENSADCZapman
100%
TARTARUS TITANSADCAicyD
50%
SOLAR SCARABJUNGLERApreel
50%
VALHALLA VALKYRIESSOLOAquarius
50%
AARU SCORPIONSMIDBayoneri
50%
YOMI TANUKISUPPORTCalvin
50%
HEX MAMBOSUPPORTCozyx
50%
KAOLIN WARDENSSOLODelnyyy
50%
ATHENIAN SAGESADCDonutDoug
50%
OLYMPUS BOLTSSUPPORTDutsher
50%
KAOLIN WARDENSSUPPORTELLEON
50%
VALHALLA VALKYRIESMIDEruptCrimson
50%
ATHENIAN SAGESSUPPORTEvermed
50%
VALHALLA VALKYRIESSUPPORTGamma
50%
XIBALBA STORMMIDGlobe
50%
ATHENIAN SAGESJUNGLERGrave
50%
NIFLHEIM WARGSMIDGuntterr
50%
AARU SCORPIONSADCGuyJ
50%
XIBALBA STORMSUPPORTHapn
50%
NIFLHEIM WARGSADCiDavy
50%
SOLAR SCARABSUPPORTISilenced
50%
HEX MAMBOSOLOJulio
50%
TYRIAN WEAVERSJUNGLERLayers (Toilett Boy)
50%
TARTARUS TITANSSOLOLestimics
50%
OLYMPUS BOLTSADCLode
50%
TARTARUS TITANSJUNGLERMastKill
50%
AARU SCORPIONSJUNGLERMigiiiiii
50%
ATHENIAN SAGESMIDNayhoo
50%
KAOLIN WARDENSMIDnnog
50%
YOMI TANUKISOLOOGibre
50%
OLYMPUS BOLTSJUNGLEROtherTheAnother
50%
NIFLHEIM WARGSSOLOPanvich
50%
YOMI TANUKIMIDPikarino
50%
NIFLHEIM WARGSSUPPORTPredss
50%
TYRIAN WEAVERSSUPPORTPromise
50%
HEX MAMBOMIDRapio
50%
XIBALBA STORMJUNGLERRatMilk
50%
TYRIAN WEAVERSSOLORemakami
50%
AARU SCORPIONSSOLORetentlessOne
50%
VALHALLA VALKYRIESJUNGLERsam4soccer2
50%
XIBALBA STORMADCShinigami
50%
KAOLIN WARDENSJUNGLERSlaaaaaaash
50%
ATHENIAN SAGESSOLOSnaddy
50%
HEX MAMBOADCSpudio
50%
XIBALBA STORMSOLOTegveer
50%
YOMI TANUKIJUNGLERTheFrenchEmperor
50%
KAOLIN WARDENSADCTubahh
50%
NIFLHEIM WARGSJUNGLERWorstTurttle
50%
TARTARUS TITANSMIDZhainy
50%
SOLAR SCARABMIDZyrhoes
50%
TARTARUS TITANSSUPPORTBaku
0%
OLYMPUS BOLTSMIDBeroTheBeast
0%
OLYMPUS BOLTSSOLODuduin
0%
AARU SCORPIONSSUPPORTNotGeno
0%
YOMI TANUKIADCStreakUp
0%
TYRIAN WEAVERSMIDTrypno
0%

Score Distribution

Percentile by Number Answered

Percent of People with Each Score

Your Score History

You have not taken this quiz